Word Ladder: Samuel L. Jackson Quiz Stats

 Plays Quiz Updated Mar 9, 2013

Support Sporcle.
Go Orange.
Score 0/17 Timer 01:30
1 Play Today
Hint 4-Letter Word % Correct
★ Samuel L. Jackson Movie: ____ Fiction ★PULP
97.9%
Medicine capsulePILL
94.8%
Don't push...PULL
93.4%
Stack of thingsPILE
91.5%
★ Samuel L. Jackson Movie: Jurassic ____PARK
91.2%
★ Samuel L. Jackson Movie: Die ____ With a Vengeance ★ HARD
90.5%
____! The Herald Angels SingHARK
88.1%
★ Samuel L. Jackson Movie Franchise: Star ____WARS
84.5%
Queen of spades, e.g.CARD
84.2%
Hint 4-Letter Word % Correct
Whitish colorPALE
80.8%
2006 Pixar filmCARS
80%
★ Samuel L. Jackson Movie: ____ Blue Sea ★DEEP
77.4%
To look secretlyPEEK
73.9%
To become lively, with 'up'PERK
73.6%
Chick noisePEEP
71.7%
To peel or trimPARE
60.4%
PotteryWARE
57.1%

Today's Daily Dose

You're not logged in!

Compare scores with friends on all Sporcle quizzes.
OR
Log In
Forgot?

From the Vault

4-Letter 'WH' Words

by geronimostilton

We don't want to admit how many 5-letter words we tried entering.
Remove Ads.
Support Sporcle.
Get the best of Sporcle when you Go Orange. This ad-free experience offers more features, more stats, and more fun while also helping to support Sporcle. Thank you for becoming a member.

Show Comments

Extras

Top Quizzes Today


Score Distribution

Your Account Isn't Verified!

In order to create a playlist on Sporcle, you need to verify the email address you used during registration. Go to your Sporcle Settings to finish the process.

Report this User

Report this user for behavior that violates our Community Guidelines.

Details: